00811nam a22001817a 450000500170000000800410001702000180005804000070007604100120008308200200009510000260011524500390014126000550018030000240023536500570025952002910031665000220060720250813180141.0230202b ||||| |||| 00| 0 eng d a9788195037384 cAL aEnglish a320.80954bABHP aAbhijit Anil Pilkhane aPanchayatiraj and Rural Develpment aJaipur b Satyam Publishers and Distributorsc2022 a219P.bHBc23x14cm. 2Generala22b₹1237.00d₹1695.00e27%f16-09-2022 aHistorical Back group;Role of Womens in Panchayati Raj;Panchayati Raj;Importance and value Democracy ;Political Atmosphere and Womens Role ;Political Participation of Women;Impact of Panchayati Raj Act,1992 on Women Political Empowerment;Rural Economics;Rural Development ;Bibliography. 2Political science